000 00841nam a2200157 a 4500
008 100924s2010 ||||||||||||||||| || u
050 _aGOV.ZAM(02)2010/18
110 _aGovernment of the Republic of Zambia (GRZ)
245 1 0 _aImplementation of Integrated Water Resources Management in Zambia: proposal for the legal and institutional framework for the use, development and management of water resources in Zambia.
260 _aLusaka
_bGovernment of the Republic of Zambia (GRZ)
_c2010
300 _a[7p.]
350 _a0.00
650 _aWATER RESOURCES DEVELOPMENT--ZAMBIA
710 _aGovernment of the Republic of Zambia (GRZ). Ministry of Energy and Water Development
995 _D0.00
_FCBU-MAIN LIBRARY (Kitwe)
_H1
_I0.00
_M1
_UAVAILABLE
_WNov 24, 2010
_ZZambiana Collection
999 _c46423
_d46423